Social media y recursos humanos (Registro nro. 7338)
[ vista simple ]
| 000 -CABECERA | |
|---|---|
| campo de control de longitud fija | 01017nam a22003857a 4500 |
| 005 - FECHA Y HORA DE ACTUALIZACIÓN | |
| campo de control | 20241008183920.0 |
| 008 - LONGITUD FIJA | |
| campo de control de longitud fija | 160113b xxu||||| |||| 00| 0 spa d |
| 020 ## - INTERNATIONAL STANDARD BOOK NUMBER | |
| Número Internacional Estándar del Libro | 9789506416973 |
| 041 ## - IDIOMA | |
| Código de idioma del texto/pista de sonido o título separado | |
| 082 ## - CLASIFICACIÓN DECIMAL DEWEY | |
| Número de clasificación | 658.3 AL434so |
| 100 ## - AUTOR PERSONAL | |
| Nombre de persona | Alles, Martha |
| 245 ## - TÍTULO PROPIAMENTE DICHO | |
| Título | Social media y recursos humanos |
| 260 ## - PIE DE IMPRENTA | |
| Lugar de publicación, distribución, etc. | Argentina |
| Nombre del editor, distribuidor, etc. | Granica |
| Fecha de publicación, distribución, etc. | 2012 |
| 300 ## - DESCRIPCIÓN FÍSICA | |
| Extensión | 320 páginas |
| 650 ## - Materia General | |
| Materia general | RECURSOS HUMANOS |
| 650 ## - Materia General | |
| Materia general | ROLES DE GERENCIA |
| 650 ## - Materia General | |
| Materia general | ESTILO DE LIDERAZGO |
| 650 ## - Materia General | |
| Materia general | LIDERAZGO |
| 650 ## - Materia General | |
| Materia general | VIDA PROFESIONAL |
| 650 ## - Materia General | |
| Materia general | VIDA PERSONAL |
| 650 ## - Materia General | |
| Materia general | APLICACIONES WEB 2.0 |
| 650 ## - Materia General | |
| Materia general | TECNOLOGÍAS DE COMUNICACIÓN |
| 650 ## - Materia General | |
| Materia general | SOCIAL MEDIA |
| 650 ## - Materia General | |
| Materia general | REDES SOCIALES |
| 650 ## - Materia General | |
| Materia general | CLIENTES |
| 650 ## - Materia General | |
| Materia general | CONSUMIDORES |
| 650 ## - Materia General | |
| Materia general | DESARROLLO DE COMPETENCIAS |
| 650 ## - Materia General | |
| Materia general | NUEVAS ERAS DE WIKIS |
| 650 ## - Materia General | |
| Materia general | PERFIL EN LA WEB |
| 650 ## - Materia General | |
| Materia general | RECLUTAMIENTO |
| 650 ## - Materia General | |
| Materia general | SELECCIÓN DE PERSONAL |
| 650 ## - Materia General | |
| Materia general | COMUNICACIÓN |
| 650 ## - Materia General | |
| Materia general | COMPETENCIAS |
| 942 ## - Punto de Acceso Adicional Koha | |
| Tipo de ítem Koha | Libro |
| Estado perdido | Fuente de clasificación o esquema de estantería | Estado dañado | No para préstamo | Biblioteca permanente | Biblioteca actual | Enumeración serial/Volumen | Signatura completa | Código de barras | Programa Académico | Tipo de ítem |
|---|---|---|---|---|---|---|---|---|---|---|
| Dewey Decimal Classification | Departamento de Biblioteca y Documentación Alfonso Chase Brenes | Departamento de Biblioteca y Documentación Alfonso Chase Brenes | 1 edición | 658.3 AL434so | 19637 | Libro | ||||
| Dewey Decimal Classification | Departamento de Biblioteca y Documentación Alfonso Chase Brenes | Departamento de Biblioteca y Documentación Alfonso Chase Brenes | 1 edición | 658.3 AL434so | 21437 | Libro |